000 00547nam a2200217Ia 4500
003 OSt
005 20220924134527.0
006 a|||||r|||| 00| 0
007 ta
008 220923b |||||||| |||| 00| 0 snd d
024 _a275583
037 _cTextual
040 _aARTS
_cARTS
_bsnd
041 _2snd
_asnd
082 _aO15,1B2, 1593K0
100 _aVyas Satya Narayan
_9207892
245 0 _aBheeshm Pitamah
260 _c1960
942 _hO15,1B2, 1593K0
_cTEXL
_2CC
999 _c437616
_d437616